| 000 | 00695nam a2200253Ia 4500 | ||
|---|---|---|---|
| 003 | OSt | ||
| 005 | 20220918163940.0 | ||
| 006 | a|||||r|||| 00| 0 | ||
| 007 | ta | ||
| 008 | 220917b |||||||| |||| 00| 0 eng d | ||
| 020 | _a0333930681 (pbk) | ||
| 024 | _a155,950 | ||
| 037 | _cTextual | ||
| 040 |
_aARTS _cARTS _beng |
||
| 041 |
_2eng _aeng |
||
| 082 | _aR:(G), P1 | ||
| 100 |
_aBenesch Walter _916164 |
||
| 245 | 0 |
_aIntroduction to comparative philosophy _b travel guide to philosophy space |
|
| 260 |
_aHoundhills _bPalgrave _c2001 |
||
| 300 |
_aix, 229p. _ccm. |
||
| 650 | _aPHILOSOPHY | ||
| 942 |
_hR:(G), P1 _cTEXL _2CC |
||
| 999 |
_c122259 _d122259 |
||